[Event "Mechanics' LitowskyTNM; 30/90, SD/30"]
[Site "San Francisco"]
[Date "2011.08.02"]
[Round "1"]
[White "Newey, Richard"]
[Black "Rumph, Todd"]
[Result "0-1"]
[WhiteElo "1739"]
[BlackElo "2159"]
[PlyCount "68"]
[EventDate "2011.??.??"]

1. e4 e5 2. Nf3 Nc6 3. Bc4 Nf6 4. Ng5 d5 5. exd5 Na5 6. Bb5+ c6 7. dxc6 bxc6 8.
Be2 h6 9. Nh3 Bc5 10. d3 O-O 11. Nc3 Bf5 12. O-O Qd7 13. Kh1 Rad8 14. Bd2 Bxh3
15. gxh3 Qxh3 16. Bf3 Nb7 17. Ne4 Nxe4 18. Bxe4 Nd6 19. Bg2 Qh4 20. Be3 Bb6 21.
Bxb6 axb6 22. Bxc6 Nf5 23. Be4 Nd4 24. c3 Ne6 25. Qf3 Nf4 26. Rae1 f5 27. Qg3
Qf6 28. Bf3 Nxd3 29. Re2 e4 30. Bxe4 fxe4 31. f4 exf3 32. Re3 f2 33. Rxd3 Rxd3
34. Qxd3 Qc6+ 0-1

[Event "Mechanics' Litowsky TNM; 30/90, SD/30"]
[Site "San Francisco"]
[Date "2011.09.20"]
[Round "8.9"]
[White "Oca, Homer"]
[Black "Anderson, Michael"]
[Result "0-1"]
[WhiteElo "1669"]
[BlackElo "1917"]
[PlyCount "72"]
[EventDate "2011.??.??"]

1. a3 g6 2. e4 Bg7 3. d4 d6 4. Nc3 Nf6 5. Bc4 O-O 6. h3 Nc6 7. Nf3 h6 8. Be3 a6
9. Qd2 b5 10. Bb3 g5 11. O-O Na5 12. Nh2 Nxb3 13. cxb3 Bb7 14. Rae1 a5 15. b4
axb4 16. axb4 Nh7 17. f4 e6 18. fxg5 hxg5 19. Rf2 f5 20. exf5 exf5 21. d5 Be5
22. Nf3 Bg3 23. Nxg5 Bxf2+ 24. Qxf2 Nxg5 25. Qg3 f4 26. Bxf4 Rxf4 27. Qxf4 Kh8
28. h4 Nh7 29. Rf1 Qf8 30. Qe4 Qg7 31. Rf5 Rg8 32. Ne2 Bc8 33. Rf2 Nf6 34. Qd3
Ng4 35. Rf3 Ne5 36. Qe3 Qxg2# 0-1

[Event "Mechanics' Litowsky TNM; 30/90, SD/30"]
[Site "San Francisco"]
[Date "2011.09.06"]
[Round "6.17"]
[White "Oca, Homer"]
[Black "Ganem, Paul"]
[Result "1-0"]
[WhiteElo "1669"]
[BlackElo "1845"]
[PlyCount "45"]
[EventDate "2011.??.??"]

1. e4 c6 2. d4 d5 3. exd5 cxd5 4. c4 Nf6 5. Nf3 e6 6. a3 Be7 7. b4 dxc4 8. Bxc4
O-O 9. Bb2 a5 10. b5 Nbd7 11. a4 Nb6 12. Bb3 Bb4+ 13. Nbd2 Nbd5 14. O-O b6 15.
Nc4 Bb7 16. Nce5 Rc8 17. Rc1 Qd6 18. Nd3 Nc3 19. Bxc3 Bxc3 20. Nde5 Rfd8 21.
Qd3 Qb4 22. Bc4 Be4 $4 (22... Bb2 $15) 23. Qxc3 1-0

[Event "Mechanics' Litowsky TNM; 30/90, SD/30"]
[Site "San Francisco"]
[Date "2011.08.16"]
[Round "3.19"]
[White "Oca, Homer"]
[Black "Rakonitz, David"]
[Result "1-0"]
[WhiteElo "1669"]
[BlackElo "1477"]
[PlyCount "122"]
[EventDate "2011.??.??"]

1. a3 Nf6 2. h3 e5 3. b3 b6 4. c4 c5 5. Nc3 Bb7 6. d3 Nc6 7. e4 h6 8. Nf3 d6 9.
Be2 Be7 10. Bd2 Nd4 11. Nxd4 cxd4 12. Na2 Qd7 13. b4 b5 14. cxb5 Qxb5 15. a4
Qd7 16. b5 Rc8 17. O-O d5 18. Bf3 dxe4 19. dxe4 Bxe4 20. Nb4 Bxf3 21. Qxf3 O-O
22. Nc6 Bd6 23. Qb3 Kh8 24. Bb4 Rfe8 25. Bxd6 Qxd6 26. Nxa7 Rc3 27. Qb2 Nd5 28.
a5 Qc5 29. b6 Rb8 30. Nb5 Rc4 31. Rfc1 Nxb6 32. axb6 Rxb6 33. Ra8+ Kh7 34. Rb1
d3 35. Qd2 e4 36. Qf4 Rxb5 37. Re1 Qd5 38. Re8 d2 39. Rd1 Rc1 40. Rxc1 dxc1=Q+
41. Qxc1 Rc5 42. Qf4 f5 43. h4 Qf7 44. Qb8 Rc1+ 45. Kh2 Qc7+ 46. Qxc7 Rxc7 47.
Kg3 Rf7 48. Kf4 g6 49. g3 Kg7 50. Ke5 Rf6 51. h5 gxh5 52. Rg8+ Kf7 53. Rf8+
Kxf8 54. Kxf6 Kg8 55. Kxf5 Kf7 56. Kxe4 Kf6 57. f4 h4 58. gxh4 h5 59. f5 Kf7
60. Ke5 Ke7 61. f6+ Kf7 1-0

[Event "Mechanics' Litowsky TNM; 30/90, SD/30"]
[Site "San Francisco"]
[Date "2011.08.30"]
[Round "5.13"]
[White "Oca, Homer"]
[Black "de Lenea, Digne"]
[Result "0-1"]
[WhiteElo "1669"]
[BlackElo "1886"]
[PlyCount "72"]
[EventDate "2011.??.??"]

1. h4 d5 2. g3 e5 3. b3 c5 4. d3 Nf6 5. e3 Nc6 6. Bg2 Bf5 7. Bb2 Qd7 8. Nd2 Be7
9. Qe2 Nb4 10. Nf1 Nc6 11. e4 Bg4 12. f3 Be6 13. Nh3 h6 14. Ne3 d4 15. Nd1 Nh5
16. Qf2 Qd8 17. Ng1 g5 18. hxg5 hxg5 19. g4 Qa5+ 20. Qd2 Qc7 21. gxh5 O-O-O 22.
Nf2 Rdg8 23. Ng4 f5 24. exf5 Bxf5 25. O-O-O c4 26. bxc4 Bb4 27. c3 dxc3 28.
Bxc3 Qa5 29. Bxb4 Nxb4 30. Kb1 Bxd3+ 31. Ka1 Bc2 32. Qd7+ Kb8 33. a4 Rd8 34.
Qb5 Rxd1+ 35. Kb2 Rb1+ 36. Ka3 Rb3# 0-1

[Event "Mechanics' Litowsky TNM; 30/90, SD/30"]
[Site "San Francisco"]
[Date "2011.08.30"]
[Round "5.10"]
[White "Olson, David"]
[Black "Anderson, Michael"]
[Result "0-1"]
[WhiteElo "1417"]
[BlackElo "1917"]
[PlyCount "56"]
[EventDate "2011.??.??"]

1. e4 c5 2. Nf3 Nc6 3. Bc4 e6 4. a3 a6 5. O-O b5 6. Ba2 Nf6 7. Re1 Qc7 8. e5
Ng4 9. d4 cxd4 10. Bf4 d6 11. Nxd4 Ngxe5 12. Bg3 Bb7 13. f4 Nxd4 14. Qxd4 Qc6
15. Qf2 Ng4 16. Qf1 Qc5+ 17. Kh1 h5 18. Bxe6 fxe6 19. Rxe6+ Kd7 20. Re2 h4 21.
Bf2 Qf5 22. Nd2 h3 23. Nf3 hxg2+ 24. Qxg2 Rxh2+ 25. Qxh2 Nxh2 26. Kxh2 Bxf3 27.
Re3 Qh5+ 28. Kg3 Qg4+ 0-1

[Event "Mechanics' Litowsky TNM; 30/90, SD/30"]
[Site "?"]
[Date "2011.08.16"]
[Round "3.24"]
[White "Olson, David"]
[Black "Cortese, Chris"]
[Result "0-1"]
[WhiteElo "1417"]
[BlackElo "1530"]
[PlyCount "44"]
[EventDate "2011.08.17"]

1. e4 c5 2. Nf3 d6 3. Bc4 Nf6 4. Nc3 e6 5. b3 Nc6 6. Bb2 d5 7. e5 dxc4 8. exf6
Qxf6 9. Nb5 Qxb2 10. Nc7+ Kd8 11. Nxa8 Bd7 12. O-O cxb3 13. axb3 Qf6 14. Qe2
Bd6 15. Qd3 Ke7 16. Nb6 axb6 17. Rfe1 Ne5 18. Nxe5 Bxe5 19. Rab1 Bc6 20. b4 Rd8
21. Qe3 Qg6 22. f3 Bd4 0-1

[Event "Mechanics' Litowsky TNM; 30/90, SD/30"]
[Site "San Francisco"]
[Date "2011.09.13"]
[Round "7.12"]
[White "Olson, David"]
[Black "Oca, Homer"]
[Result "0-1"]
[WhiteElo "1417"]
[BlackElo "1669"]
[PlyCount "94"]
[EventDate "2011.??.??"]

1. e4 e6 2. Nf3 c5 3. Nc3 a6 4. a4 h6 5. Bc4 Qc7 6. O-O g5 7. g3 Ne7 8. d4 Ng6
9. d5 e5 10. d6 Bxd6 11. Nd5 Qd8 12. b3 Nc6 13. c3 Be7 14. a5 d6 15. Nb6 Rb8
16. Kh1 Bh3 17. Re1 Nxa5 18. Rxa5 Qxb6 19. Ra2 O-O 20. Be3 Be6 21. Bd5 Bg4 22.
Kg2 Kg7 23. h3 Bd7 24. Nh2 Qc7 25. Qh5 f5 26. exf5 Bxf5 27. h4 Rh8 28. Nf3 Qd7
29. Nh2 Rbf8 30. Ra4 Qe8 31. Qd1 Bc8 32. h5 Nf4+ 33. gxf4 gxf4 34. Bc1 Rf5 35.
Bf3 Bd7 36. Kf1 Bxa4 37. bxa4 b5 38. Bg4 Rg5 39. axb5 Qxb5+ 40. Be2 c4 41. Ba3
Rd8 42. Qc2 Qd7 43. Ng4 Rxg4 44. Bxg4 Qxg4 45. Rb1 Qxh5 46. Rb7 Qh1+ 47. Ke2
Qxb7 0-1

[Event "Mechanics' Litowsky TNM; 30/90, SD/30"]
[Site "San Francisco"]
[Date "2011.09.20"]
[Round "8.18"]
[White "Olson, David"]
[Black "Rakonitz, David"]
[Result "1/2-1/2"]
[WhiteElo "1417"]
[BlackElo "1477"]
[PlyCount "60"]
[EventDate "2011.??.??"]

1. e4 e6 2. Nf3 d5 3. e5 c5 4. Bb5+ Bd7 5. Nc3 Qb6 6. a4 a6 7. Be2 Nc6 8. O-O
Nge7 9. b3 Ng6 10. Bb2 Ncxe5 11. Nxe5 Nxe5 12. Nxd5 exd5 13. Bxe5 f6 14. Bg3
O-O-O 15. c4 d4 16. a5 Qe6 17. f4 f5 18. Re1 Bd6 19. Bf3 Qh6 20. d3 Bxf4 21.
Bxb7+ Kxb7 22. Qf3+ Qc6 23. Qxf4 Rhe8 24. Re5 Qc7 25. Rae1 Rxe5 26. Rxe5 Re8
27. h4 Qxe5 28. Qxe5 Rxe5 29. Bxe5 g6 30. Bf4 Kc6 1/2-1/2

[Event "Mechanics' Litowsky TNM; 30/90, SD/30"]
[Site "San Francisco"]
[Date "2011.08.09"]
[Round "2.22"]
[White "Olson, David"]
[Black "Salvo, Tab"]
[Result "0-1"]
[WhiteElo "1417"]
[BlackElo "1661"]
[PlyCount "50"]
[EventDate "2011.??.??"]

1. e4 c5 2. Nf3 d6 3. Bb5+ Nd7 4. d4 cxd4 5. Qxd4 a6 6. Bc4 e5 7. Bxf7+ Kxf7 8.
Ng5+ Ke8 9. Qd5 Qe7 10. O-O Ngf6 11. Qc4 Nc5 12. Nc3 b5 13. Qe2 Bb7 14. f4 h6
15. fxe5 dxe5 16. Nf3 Ncxe4 17. Nxe4 Bxe4 18. Nh4 Qe6 19. Ng6 Bxg6 20. Be3 Rc8
21. Rad1 Rxc2 22. Qf3 Be4 23. Qg3 Rxg2+ 24. Qxg2 Bxg2 25. Rf2 Be4 0-1

[Event "Mechanics' Litowsky TNM; 30/90, SD/30"]
[Site "San Francisco"]
[Date "2011.08.23"]
[Round "4.22"]
[White "Poling, Scott"]
[Black "Bayaraa, Chinguun"]
[Result "1/2-1/2"]
[WhiteElo "1632"]
[BlackElo "1172"]
[PlyCount "92"]
[EventDate "2011.??.??"]

1. e4 c5 2. d4 cxd4 3. c3 dxc3 4. Nxc3 Nc6 5. Nf3 d6 6. Bc4 h6 7. O-O e5 8. Be3
Be7 9. Rc1 Nf6 10. Qc2 O-O 11. Rfd1 Qc7 12. Nb5 Qb8 13. h3 a6 14. Nc3 b5 15.
Bd5 Nb4 16. Qb3 Nbxd5 17. Nxd5 Nxd5 18. Qxd5 Bb7 19. Qd3 Rd8 20. Qb1 Rc8 21.
Rxc8+ Qxc8 22. Rc1 Qd8 23. Rd1 Rc8 24. Nxe5 Qe8 25. Nf3 Bf8 26. Nd2 Qe6 27. Re1
Re8 28. Bf4 d5 29. f3 Bc5+ 30. Be3 Bxe3+ 31. Rxe3 Qb6 32. Qe1 dxe4 33. Kh1 Qd4
34. Nxe4 Bxe4 35. Rxe4 Rxe4 36. Qxe4 Qxe4 37. fxe4 Kf8 38. Kg1 Ke7 39. Kf2 Ke6
40. Ke3 Ke5 41. b4 g5 42. g4 f6 43. a3 Ke6 44. Kd4 Kd6 45. Kd3 Ke5 46. Ke3 Ke6
1/2-1/2

[Event "Mechanics' Litowsky TNM; 30/90, SD/30"]
[Site "San Francisco"]
[Date "2011.09.13"]
[Round "7.17"]
[White "Poling, Scott"]
[Black "Litowsky, Daniel"]
[Result "1-0"]
[WhiteElo "1632"]
[BlackElo "1700"]
[PlyCount "102"]
[EventDate "2011.??.??"]

1. e4 e5 2. Nf3 Nc6 3. d4 exd4 4. Bc4 Bc5 5. c3 d6 6. cxd4 Bb4+ 7. Bd2 Bxd2+ 8.
Nbxd2 Bg4 9. Qb3 Qd7 10. Bxf7+ Kd8 11. Bxg8 Ke7 12. Qf7+ Kd8 13. Qxd7+ Kxd7 14.
Bb3 Rae8 15. Bc2 Nb4 16. Bb1 Rhf8 17. O-O h6 18. a3 Nc6 19. h3 Bh5 20. Ba2 g5
21. Bd5 Nd8 22. e5 c6 23. Bc4 d5 24. Bd3 Ne6 25. g4 Bf7 26. Bf5 Kc7 27. Bxe6
Bxe6 28. Kg2 Rf4 29. Nb3 b6 30. Rac1 Ref8 31. Rc3 Rh8 32. Nh2 h5 33. Rf3 hxg4
34. hxg4 Bxg4 35. Nxg4 Rxg4+ 36. Rg3 Rgh4 37. Rg1 Rh2+ 38. Kf1 Rf8 39. R3g2 Rh3
40. Nd2 Rd3 41. Ke2 Rxd4 42. Rxg5 Rdf4 43. f3 a5 44. Rg7+ Kb8 45. Rg8 c5 46.
Rxf8+ Rxf8 47. Rg7 b5 48. Nb3 c4 49. Nxa5 Rh8 50. Rb7+ Kc8 51. Rxb5 Rh2+ 1-0

[Event "Mechanics' Litowsky TNM; 30/90, SD/30"]
[Site "San Francisco"]
[Date "2011.09.06"]
[Round "6.21"]
[White "Poling, Scott"]
[Black "Morgan, Jerry"]
[Result "1-0"]
[WhiteElo "1632"]
[BlackElo "1442"]
[Annotator "Rybka"]
[PlyCount "73"]
[EventDate "2011.??.??"]

1. e4 c6 2. d4 d5 3. exd5 cxd5 4. Bd3 Nc6 5. c3 Qc7 6. Qb3 e6 7. Nf3 Be7 8. O-O
Nf6 9. Re1 O-O 10. Nbd2 Na5 11. Qd1 Nc4 12. Nxc4 dxc4 13. Bc2 b5 14. Ne5 Bb7
15. Bf4 Bd6 16. Qe2 Bd5 17. Bg3 Qb7 18. f3 Nh5 19. Bf2 Nf4 20. Qe3 Nh5 21. Qg5
Nf6 22. Rad1 a5 23. Qh4 Be7 24. Qh3 Rfe8 25. Be3 g6 26. Bh6 Bf8 27. Bg5 Bg7 28.
Qh4 Nd7 29. Nxf7 Bxf3 (29... Kxf7 30. Qxh7 Nf8 31. Qh4 Kg8 $15) 30. gxf3 Rf8
31. Be4 (31. Nd8 Raxd8 (31... Qxf3 32. Be4 $18) 32. Bxd8 Qxf3 33. Be4 Qf7 34.
Bxa5 $18) 31... Qa6 32. Nh6+ Kh8 33. Bxa8 Qxa8 34. Qe4 e5 35. Qxa8 Rxa8 36.
Nf7+ Kg8 37. Nxe5 1-0

[Event "Mechanics' LitowskyTNM; 30/90, SD/30"]
[Site "San Francisco"]
[Date "2011.08.02"]
[Round "1"]
[White "Rakonitz, David"]
[Black "Anderson, Michael"]
[Result "0-1"]
[WhiteElo "1477"]
[BlackElo "1917"]
[PlyCount "64"]
[EventDate "2011.??.??"]

1. d4 Nf6 2. Nf3 e6 3. c4 c5 4. dxc5 Bxc5 5. Nc3 Qb6 6. e3 Nc6 7. a3 a5 8. Na4
Qa7 9. Nxc5 Qxc5 10. Bd3 O-O 11. O-O d5 12. cxd5 Qxd5 13. Qc2 Qh5 14. Be2 e5
15. e4 Bg4 16. Re1 Rac8 17. Qd3 Rfd8 18. Qe3 Nd4 19. Nxd4 exd4 20. Qd3 Bxe2 21.
Rxe2 Ng4 22. Bf4 Ne5 23. Bxe5 Qxe5 24. Rd1 Rc6 25. Rc2 Rh6 26. h3 Re6 27. f3 h6
28. Re1 Rg6 29. Kh1 Qg3 30. Rg1 Rg5 31. Rc4 Rh5 32. Rxd4 Rxh3+ 0-1

[Event "Mechanics' Litowsky TNM; 30/90, SD/30"]
[Site "San Francisco"]
[Date "2011.09.27"]
[Round "9.19"]
[White "Rakonitz, David"]
[Black "Campers, Willie"]
[Result "1/2-1/2"]
[WhiteElo "1477"]
[BlackElo "1748"]
[Annotator "Donaldson"]
[PlyCount "81"]
[EventDate "2011.??.??"]

1. d4 d5 2. c4 c6 3. Nc3 Nf6 4. Nf3 Bf5 $2 5. Qb3 (5. cxd5 $1 cxd5 6. Qb3 $1
Qb6 (6... Bc8) 7. Nxd5 Qxb3 8. Nxf6+ $18) 5... Bc8 $2 (5... Qb6 6. cxd5 Qxb3)
6. Bg5 Nbd7 7. cxd5 cxd5 8. Nxd5 Qa5+ 9. Nc3 Ne4 10. Bf4 e6 11. a3 Nxc3 12.
Qxc3 Qf5 13. e3 Nb6 14. Bd3 Qd5 15. O-O Bd6 16. e4 Na4 17. exd5 Nxc3 18. Bxd6
Nxd5 19. Rac1 Kd7 20. Bg3 f6 21. Bb5+ Kd8 22. Rfe1 Bd7 23. Bxd7 Kxd7 24. Rc2
Rac8 25. Rec1 Rxc2 26. Rxc2 f5 27. h3 h5 28. Rc5 b6 29. Rc4 Rc8 30. Rxc8 Kxc8
31. Kf1 Kd7 32. Ke2 Kc6 33. Kd2 Kb5 34. b3 a5 35. Bd6 Kc6 36. Bg3 h4 37. Bh2
Kb5 38. Bd6 Kc6 39. Bh2 Kb5 40. Bd6 Kc6 41. Bh2 1/2-1/2

[Event "Mechanics' Litowsky TNM; 30/90, SD/30"]
[Site "San Francisco"]
[Date "2011.09.13"]
[Round "7.22"]
[White "Rakonitz, David"]
[Black "Clark, Thomas"]
[Result "1-0"]
[WhiteElo "1477"]
[BlackElo "1305"]
[PlyCount "63"]
[EventDate "2011.??.??"]

1. d4 Nf6 2. Nf3 e6 3. c4 c5 4. dxc5 Nc6 5. Nc3 Bxc5 6. e3 O-O 7. Bd3 Nb4 8.
Be2 a6 9. a3 Nc6 10. b4 Ba7 11. c5 b5 12. Bb2 Bb8 13. Qc2 d5 14. cxd6 Bxd6 15.
Rd1 Qc7 16. Ne4 Nxe4 17. Qxe4 Bb7 18. Ng5 g6 19. Qh4 Rfd8 20. Qxh7+ Kf8 21.
Qg7+ Ke8 22. Qg8+ Bf8 23. O-O Rxd1 24. Rxd1 Rd8 25. Rxd8+ Nxd8 26. Bg7 Qc1+ 27.
Bf1 Bxg2 28. Kxg2 Qc6+ 29. Kg1 Qd6 30. Nh7 Qd1 31. Nf6+ Ke7 32. Qxf8# 1-0

[Event "Mechanics' Litowsky TNM; 30/90, SD/30"]
[Site "San Francisco"]
[Date "2011.08.09"]
[Round "2.4"]
[White "Rumph, Todd"]
[Black "Chen, Mingson"]
[Result "1-0"]
[WhiteElo "2159"]
[BlackElo "1912"]
[PlyCount "109"]
[EventDate "2011.??.??"]

1. c4 e6 2. g3 d5 3. Bg2 Nf6 4. Nf3 Be7 5. O-O O-O 6. b3 c5 7. cxd5 Nxd5 8. Bb2
Nc6 9. d3 b6 10. Nc3 Bb7 11. Nxd5 exd5 12. d4 Rc8 13. Rc1 Re8 14. Qd2 Nxd4 15.
Nxd4 cxd4 16. Bxd4 Rxc1 17. Rxc1 Bf6 18. e3 g6 19. h4 h5 20. Qb2 Bxd4 21. Qxd4
Qe7 22. Rc2 Rd8 23. Qf4 Rd6 24. Rd2 Rd8 25. Qf3 Rc8 26. Qf4 Qc5 27. Kh2 Qc3 28.
Rd4 Qc7 29. Qxc7 Rxc7 30. Rd2 Kf8 31. Bh3 Ke7 32. g4 hxg4 33. Bxg4 Bc8 34. Bf3
Be6 35. Kg3 Rc5 36. Kf4 f6 37. Be2 a5 38. Bd3 Bf7 39. f3 Rc3 40. Bc2 Rc5 41.
Rg2 g5+ 42. hxg5 fxg5+ 43. Ke5 d4+ 44. Kxd4 Rd5+ 45. Kc3 Rc5+ 46. Kb2 Re5 47.
Be4 Bd5 48. Bxd5 Rxd5 49. Kc3 Rf5 50. Rg3 Kf6 51. e4 Rc5+ 52. Kd3 Rc1 53. Rg2
Rf1 54. Ke3 Rc1 55. Rd2 1-0

[Event "Mechanics' Litowsky TNM; 30/90, SD/30"]
[Site "San Francisco"]
[Date "2011.09.27"]
[Round "9.3"]
[White "Rumph, Todd"]
[Black "Gaffagan, Steven"]
[Result "0-1"]
[WhiteElo "2159"]
[BlackElo "2072"]
[PlyCount "104"]
[EventDate "2011.??.??"]

1. c4 Nf6 2. g3 e6 3. Bg2 d5 4. Nf3 c6 5. d4 Bb4+ 6. Bd2 Be7 7. O-O O-O 8. Qc2
Nbd7 9. Bf4 c5 10. dxc5 Nxc5 11. Rd1 Bd7 12. b4 Ba4 13. Qb2 Bxd1 14. bxc5 Ba4
15. Qxb7 Bxc5 16. Nc3 Qb6 17. Rb1 Qxb7 18. Rxb7 Bc6 19. Rc7 Rac8 20. Rxc8 Rxc8
21. Ne5 Bd4 22. cxd5 Bxd5 23. Nxd5 Nxd5 24. Bxd5 exd5 25. e3 Bc5 26. Nd3 Ba3
27. Be5 Rc2 28. Bd4 a6 29. Nf4 Rxa2 30. Nxd5 Bd6 31. Kg2 f6 32. Kf3 Kf7 33. h3
Rc2 34. g4 Ke6 35. e4 a5 36. Ne3 Rc8 37. g5 Bc5 38. Bb2 a4 39. gxf6 a3 40. Ba1
Bxe3 41. Kxe3 Rc1 42. fxg7 Kf7 43. Bd4 a2 44. e5 Kxg7 45. e6+ Kf8 46. f4 a1=Q
47. Bxa1 Rxa1 48. Kf3 Ke7 49. f5 Ra4 50. Kg3 Kf6 51. h4 h5 52. Kh3 Rg4 0-1

[Event "Mechanics' Litowsky TNM; 30/90, SD/30"]
[Site "San Francisco"]
[Date "2011.09.13"]
[Round "7.3"]
[White "Rumph, Todd"]
[Black "Goins, Demtrius"]
[Result "1-0"]
[WhiteElo "2159"]
[BlackElo "2084"]
[PlyCount "73"]
[EventDate "2011.??.??"]

1. c4 c6 2. g3 d5 3. Bg2 Nf6 4. Nf3 Bf5 5. cxd5 cxd5 6. Qb3 Qc7 7. Nc3 e6 8. d3
Nc6 9. O-O Be7 10. Be3 O-O 11. Rfc1 Qd7 12. Nd4 Nxd4 13. Bxd4 Rfc8 14. e4 dxe4
15. dxe4 Qxd4 16. exf5 Ng4 17. Rf1 exf5 18. Qxb7 Bc5 19. Rad1 Qf6 20. Qxa8 Rxa8
21. Bxa8 g5 22. h3 Ne5 23. Na4 Bd6 24. Nc3 Nc4 25. Nb5 Bc5 26. b3 Nb6 27. Bf3
a6 28. Nc7 Nc8 29. Nd5 Qe5 30. Kg2 Nd6 31. Rfe1 Ne4 32. Bxe4 fxe4 33. Ne3 Qb2
34. Rd5 Qc3 35. Re2 h6 36. Rc2 Qf6 37. Rf5 1-0

[Event "Mechanics' Litowsky TNM; 30/90, SD/30"]
[Site "San Francisco"]
[Date "2011.08.30"]
[Round "5.1"]
[White "Rumph, Todd"]
[Black "Lee, Andy"]
[Result "0-1"]
[WhiteElo "2159"]
[BlackElo "2267"]
[Annotator "Donaldson"]
[PlyCount "120"]
[EventDate "2011.??.??"]

1. c4 Nf6 2. g3 c6 3. Nf3 d5 4. b3 Bf5 5. Ba3 Nbd7 6. Bg2 e6 7. Bxf8 Nxf8 8.
O-O h6 9. Qc1 Qd6 10. Qb2 N8d7 11. d3 O-O 12. Nbd2 a5 13. a3 c5 14. b4 axb4 15.
axb4 cxb4 16. Nd4 Bg4 17. h3 Bh5 18. g4 Bg6 19. Nc2 h5 20. Qxb4 Qe5 21. Rxa8
Rxa8 22. Ne3 d4 23. Nf3 Qf4 24. c5 hxg4 25. hxg4 Nxc5 26. Qxd4 Qxd4 27. Nxd4
Ra4 28. g5 Rxd4 29. gxf6 gxf6 30. Rb1 Rd7 31. Rb5 $11 Rc7 32. Nc4 $2 Nxd3 $1
$17 33. Ne3 $2 Rc1+ 34. Nf1 Nf4 35. Bf3 Re1 36. Rb2 b5 37. Rxb5 Nxe2+ 38. Bxe2
Rxe2 39. Rb8+ Kg7 40. Rd8 Re1 41. f3 Ra1 42. Rd2 Bh5 43. Rg2+ Kf8 44. Rg3 e5
45. Kf2 Ke7 46. Rh3 Bg6 47. Ne3 Ke6 48. Rh8 Ra2+ 49. Kg3 Ra3 50. Kf2 Ra2+ 51.
Kg3 Re2 52. Ng4 f5 53. Re8+ Kd5 54. Rd8+ Kc4 55. Rc8+ Kd4 56. Rd8+ Kc3 57. Rc8+
Kd2 58. Rd8+ Ke1 59. Nh6 f4+ 60. Kg4 Rg2+ 0-1

[Event "Mechanics' Litowsky TNM; 30/90, SD/30"]
[Site "San Francisco"]
[Date "2011.08.16"]
[Round "3.5"]
[White "Rumph, Todd"]
[Black "Traub, Igor"]
[Result "1/2-1/2"]
[WhiteElo "2159"]
[BlackElo "2119"]
[PlyCount "89"]
[EventDate "2011.??.??"]

1. c4 e5 2. g3 Nf6 3. Bg2 g6 4. Nc3 d6 5. e4 Bg7 6. Nge2 h5 7. h4 Nc6 8. d3 Bg4
9. f3 Be6 10. Bg5 Qd7 11. Nd5 Nh7 12. Be3 Ne7 13. d4 Nc6 14. Rc1 O-O 15. O-O f5
16. dxe5 fxe4 17. Nef4 exf3 18. Bxf3 Nxe5 19. Nxe6 Qxe6 20. Nf4 Nxf3+ 21. Qxf3
Qg4 22. Qxg4 hxg4 23. Nxg6 Rfe8 24. Bf2 Bxb2 25. Rce1 Kg7 26. Ne7 Nf6 27. Nf5+
Kg6 28. Be3 Re5 29. Bd4 Bxd4+ 30. Nxd4 Rae8 31. Rb1 b6 32. Rb3 Rc5 33. Rf4 Rxc4
34. h5+ Kxh5 35. Rb2 Rc1+ 36. Kg2 Nd5 $4 37. Rf5+ Kg6 38. Rxd5 Rd1 39. Ne6 Rxd5
40. Nf4+ Kf5 41. Nxd5 c6 42. Rf2+ Kg5 43. Nf6 Re6 44. Nh7+ Kh5 45. Nf6+ 1/2-1/2

[Event "Mechanics' Litowsky TNM; 30/90, SD/30"]
[Site "San Francisco"]
[Date "2011.08.16"]
[Round "3.8"]
[White "Runyon, Mike"]
[Black "Campers, Willie"]
[Result "1-0"]
[WhiteElo "1971"]
[BlackElo "1748"]
[PlyCount "77"]
[EventDate "2011.??.??"]

1. d4 d5 2. Nf3 Bf5 3. Bf4 Nc6 4. e3 Nf6 5. c4 e6 6. Nc3 Nb4 7. Rc1 c6 8. a3
Na6 9. cxd5 Nxd5 10. Nxd5 exd5 11. Qd2 Nc7 12. Be2 Ne6 13. Bg3 Be7 14. O-O O-O
15. Rfd1 h5 16. h3 Bd6 17. Bxd6 Qxd6 18. Nh4 Bh7 19. Bd3 f5 20. f4 g5 21. fxg5
Nxg5 22. Rf1 Ne4 23. Qd1 Qh6 24. Rf4 Kh8 25. Qf3 Rf6 26. Bxe4 dxe4 27. Qf2 Rg8
28. Rc5 Rg5 29. Re5 Qf8 30. Rexe4 Qg8 31. Re5 Qb3 32. Kh2 Rf8 33. e4 Rfg8 34.
exf5 Rg3 35. Ng6+ R3xg6 36. fxg6 Bxg6 37. Rf8 Qc4 38. Qf6+ Kh7 39. Re7+ 1-0

[Event "Mechanics' LitowskyTNM; 30/90, SD/30"]
[Site "San Francisco"]
[Date "2011.08.02"]
[Round "1"]
[White "Russell, Joe"]
[Black "James, Charles"]
[Result "1-0"]
[WhiteElo "1952"]
[BlackElo "1562"]
[PlyCount "93"]
[EventDate "2011.??.??"]

1. e4 e6 2. Nf3 d5 3. Nc3 c5 4. exd5 exd5 5. Bb5+ Bd7 6. Qe2+ Qe7 7. Bxd7+ Nxd7
8. Nxd5 Qxe2+ 9. Kxe2 Bd6 10. Re1 O-O-O 11. Kf1 Ngf6 12. Nxf6 Nxf6 13. d3 h6
14. Bd2 Nd5 15. Ne5 Rhf8 16. Nc4 Bc7 17. g3 g5 18. Ne3 f5 19. Nxd5 Rxd5 20. Bc3
Rd7 21. f3 h5 22. Re6 Rd6 23. Rae1 Rxe6 24. Rxe6 Kd7 25. Rf6 Bd6 26. Rxf8 Bxf8
27. h3 g4 28. hxg4 hxg4 29. Kf2 Ke6 30. fxg4 fxg4 31. Bd2 Bg7 32. c3 b6 33. Bf4
Kd5 34. Ke3 b5 35. Bb8 a6 36. Kf4 b4 37. Kxg4 bxc3 38. bxc3 Bxc3 39. Kf4 Ke6
40. g4 Bd2+ 41. Ke4 Bg5 42. Bf4 Be7 43. g5 Kf7 44. Kd5 Kg6 45. Be3 Bxg5 46.
Bxg5 Kxg5 47. Kxc5 1-0

[Event "Mechanics' Litowsky TNM; 30/90, SD/30"]
[Site "San Francisco"]
[Date "2011.09.06"]
[Round "6.10"]
[White "Salvo, Tab"]
[Black "Chamberlain, Ethan"]
[Result "0-1"]
[WhiteElo "1661"]
[BlackElo "1953"]
[PlyCount "51"]
[EventDate "2011.??.??"]

1. Nf3 Nf6 2. c4 g6 3. b3 Bg7 4. Bb2 O-O 5. g3 c5 6. Bg2 Nc6 7. O-O e6 8. Nc3
d5 9. Na4 b6 10. d4 Nxd4 11. Nxd4 cxd4 12. Bxd4 Bb7 13. Rc1 Bc6 14. Nc3 Bh6 15.
f4 Rc8 16. cxd5 Nxd5 17. e4 Nxc3 18. Bxc3 Qe7 19. Qd4 f6 20. Bb4 Qd8 21. Qf2
Rf7 22. Rc2 Rd7 23. Rfc1 Rd1+ 24. Bf1 Rxc1 25. Rxc1 Bf8 26. Qe2 {
remainder illegible} 0-1

[Event "Mechanics' Litowsky TNM; 30/90, SD/30"]
[Site "San Francisco"]
[Date "2011.08.16"]
[Round "3.13"]
[White "Salvo, Tab"]
[Black "Curto, Wayne"]
[Result "0-1"]
[WhiteElo "1661"]
[BlackElo "1905"]
[PlyCount "56"]
[EventDate "2011.??.??"]

1. Nf3 c6 2. c4 d5 3. b3 Bf5 4. Bb2 Nd7 5. g3 e6 6. Bg2 Ngf6 7. d3 Bd6 8. O-O
Qe7 9. Nbd2 e5 10. cxd5 cxd5 11. Re1 O-O 12. e4 dxe4 13. dxe4 Bg4 14. h3 Bh5
15. Nc4 Bb4 16. Re2 Rfd8 17. Qb1 b5 18. Ncd2 Nc5 19. g4 Bxd2 20. Nxd2 Bg6 21.
f4 exf4 22. Qf1 Nd3 23. Bxf6 Qxf6 24. e5 Qb6+ 25. Kh1 Rac8 26. Nf3 Rc3 27. Nh4
h6 28. Rd1 Nf2+ 0-1

[Event "Mechanics' Litowsky TNM; 30/90, SD/30"]
[Site "San Francisco"]
[Date "2011.09.27"]
[Round "9.12"]
[White "Salvo, Tab"]
[Black "Ganem, Paul"]
[Result "1-0"]
[WhiteElo "1661"]
[BlackElo "1845"]
[PlyCount "71"]
[EventDate "2011.??.??"]

1. Nf3 d5 2. c4 c6 3. b3 Nf6 4. g3 Bg4 5. Bg2 e6 6. O-O Nbd7 7. Bb2 Bd6 8. d4
O-O 9. Nbd2 h6 10. Ne5 Bf5 11. f3 Qb8 12. Nxd7 Nxd7 13. e4 Bg6 14. e5 Be7 15.
f4 b5 16. c5 f6 17. exf6 gxf6 18. Qg4 Kf7 19. Rae1 Nxc5 20. dxc5 Bxc5+ 21. Kh1
Qd6 22. Nf3 Bf5 23. Qh5+ Bg6 24. Qh4 Kg7 25. Bh3 Rae8 26. Qg4 h5 27. Qh4 d4 28.
Bg2 Bb6 29. Nd2 c5 30. Ne4 Qc7 31. g4 hxg4 32. Qxg4 c4 33. Ba3 Rh8 34. Nd6 Bc5
35. Nxe8+ Rxe8 36. Bxc5 1-0

[Event "Mechanics' LitowskyTNM; 30/90, SD/30"]
[Site "San Francisco"]
[Date "2011.08.02"]
[Round "1"]
[White "Salvo, Tab"]
[Black "Grey, Peter"]
[Result "0-1"]
[WhiteElo "1661"]
[BlackElo "2005"]
[PlyCount "68"]
[EventDate "2011.??.??"]

1. Nf3 d5 2. c4 e6 3. g3 Nf6 4. b3 c5 5. Bg2 Nc6 6. O-O Be7 7. Bb2 d4 8. d3 O-O
9. Na3 e5 10. Nd2 Bf5 11. h3 Re8 12. Nc2 Bf8 13. Ne1 Qd7 14. Kh2 h6 15. a3 a5
16. Qc2 Rad8 17. Rd1 Bg6 18. Ne4 Nh5 19. Nd2 f5 20. Bc1 Nf6 21. Rg1 e4 22. dxe4
fxe4 23. Bb2 Qf5 24. Rf1 Qh5 25. e3 Bd6 26. Kg1 Bf5 27. Nb1 d3 28. Qd2 Bxh3 29.
Nc3 Ng4 30. f4 Bxg2 31. Qxg2 Nxe3 32. Qh2 Qxh2+ 33. Kxh2 Nxf1+ 34. Kh3 Ne3 0-1